000 00552nam a2200181 i 4500
001 61235
003 ES-MaACL
005 20230906164416.0
007 t|
008 031111s1970 sp ||||1| spa d
100 1 _aEysenck, Hans Jurgen.
_948453
245 1 0 _aFundamentos biológicos de la personalidad /
_cH.J. Eysenck ; [traducido por Mª Dolores Bordas].
250 _a[1ª ed.].
260 _aBarcelona :
_bFontanella,
_c1970.
300 _a357 p. ;
_c24 cm.
700 1 _aBordas, María Dolores.
_930382
852 _aES-MaACL
_jC-38064
_bR.76205
999 _c61235
_d61235